<?xml version="1.0" encoding="UTF-8"?>
<record
    xmlns:xsi="http://www.w3.org/2001/XMLSchema-instance"
    xsi:schemaLocation="http://www.loc.gov/MARC21/slim http://www.loc.gov/standards/marcxml/schema/MARC21slim.xsd"
    xmlns="http://www.loc.gov/MARC21/slim">

  <leader>00505nam a22001817a 4500</leader>
  <controlfield tag="003">CEME</controlfield>
  <controlfield tag="005">20210628203005.0</controlfield>
  <controlfield tag="008">210215b        xxu||||| |||| 00| 0 eng d</controlfield>
  <datafield tag="020" ind1=" " ind2=" ">
    <subfield code="a">0-7506-5081-8</subfield>
  </datafield>
  <datafield tag="040" ind1=" " ind2=" ">
    <subfield code="c">.</subfield>
  </datafield>
  <datafield tag="082" ind1=" " ind2=" ">
    <subfield code="a">621.2 MOR</subfield>
  </datafield>
  <datafield tag="100" ind1=" " ind2=" ">
    <subfield code="a">Morris, Alan S</subfield>
    <subfield code="9">58932</subfield>
  </datafield>
  <datafield tag="245" ind1=" " ind2=" ">
    <subfield code="a">Measurement and instrumentation principles</subfield>
  </datafield>
  <datafield tag="260" ind1=" " ind2=" ">
    <subfield code="a">NEW DELHI</subfield>
    <subfield code="b">BUTTERWORTH HEINEMANN</subfield>
    <subfield code="c">2001</subfield>
  </datafield>
  <datafield tag="300" ind1=" " ind2=" ">
    <subfield code="a">XIX,475P</subfield>
  </datafield>
  <datafield tag="650" ind1=" " ind2=" ">
    <subfield code="a">INSTRUMENTATION PRINCIPLES. MEASUREMENT PRINCIPLES</subfield>
    <subfield code="9">62743</subfield>
  </datafield>
  <datafield tag="942" ind1=" " ind2=" ">
    <subfield code="c">BK</subfield>
    <subfield code="2">ddc</subfield>
  </datafield>
  <datafield tag="999" ind1=" " ind2=" ">
    <subfield code="c">571756</subfield>
    <subfield code="d">571756</subfield>
  </datafield>
  <datafield tag="952" ind1=" " ind2=" ">
    <subfield code="0">0</subfield>
    <subfield code="1">0</subfield>
    <subfield code="4">0</subfield>
    <subfield code="7">0</subfield>
    <subfield code="a">CEME</subfield>
    <subfield code="b">CEME</subfield>
    <subfield code="c">GEN</subfield>
    <subfield code="d">2017-07-24</subfield>
    <subfield code="l">1</subfield>
    <subfield code="o">621.2 MOR</subfield>
    <subfield code="p">CEME-36403</subfield>
    <subfield code="r">2021-06-28</subfield>
    <subfield code="w">2021-06-28</subfield>
    <subfield code="y">BK</subfield>
  </datafield>
</record>
